[Event "BIH-chT1"]
[Site "Tuzla"]
[Date "2010.07.24"]
[Round "9"]
[White "Pasic, Enes"]
[Black "Nezirovic, Ozren"]
[Result "0-1"]
[WhiteElo "2299"]
[BlackElo "2110"]
[PlyCount "39"]
[EventDate "2010.07.18"]
[EventType "team-swiss"]
[EventRounds "9"]
[EventCountry "BIH"]
[SourceTitle "CBM 137 Extra"]
[Source "ChessBase"]
[SourceDate "2010.09.01"]
[SourceVersion "1"]
[SourceVersionDate "2010.09.01"]
[SourceQuality "1"]

1. e4 e5 2. Nf3 Nc6 3. Bb5 Nf6 4. 0-0 Nxe4 5. d4 Nd6 6. Bxc6 dxc6 7. dxe5 Nf5 8. Qxd8+ Kxd8 9. Nc3 h6 10. b3 Bd7 11. Bb2 b6 12. Rad1 Kc8 13. a3 a5 14. h3 Be7 15. Rd3 h5 16. Ne4 c5 17. Neg5 Be8 18. Re1 h4 19. Re4 Rh5 20. Rf4 0-1

[Event "BIH-chT1"]
[Site "Tuzla"]
[Date "2010.07.22"]
[Round "7"]
[White "Pasic, Enes"]
[Black "Trkulja, Goran"]
[Result "1/2-1/2"]
[WhiteElo "2299"]
[BlackElo "2352"]
[PlyCount "82"]
[EventDate "2010.07.18"]
[EventType "team-swiss"]
[EventRounds "9"]
[EventCountry "BIH"]
[SourceTitle "CBM 137 Extra"]
[Source "ChessBase"]
[SourceDate "2010.09.01"]
[SourceVersion "1"]
[SourceVersionDate "2010.09.01"]
[SourceQuality "1"]

1. e4 c6 2. d4 d5 3. Nc3 dxe4 4. Nxe4 Bf5 5. Ng3 Bg6 6. h4 h6 7. h5 Bh7 8. Nf3 Nf6 9. Bd3 Bxd3 10. Qxd3 e6 11. Bd2 Nbd7 12. Qe2 Qc7 13. 0-0-0 0-0-0 14. Ne5 Nxe5 15. dxe5 Nd7 16. f4 Be7 17. Ne4 Nc5 18. Nxc5 Bxc5 19. Be3 Qb6 20. Bxc5 Qxc5 21. Kb1 Rd4 22. Rxd4 Qxd4 23. Qg4 Rd8 24. a3 Rd5 25. Qxg7 Qxf4 26. Rc1 a5 27. g3 Qxe5 28. Qf8+ Kc7 29. Qxf7+ Kb6 30. Qf2+ Ka6 31. g4 Rb5 32. c4 Qe4+ 33. Ka2 Rg5 34. Rc3 Qxg4 35. Rb3 b5 36. cxb5+ Rxb5 37. Rc3 Qe4 38. Qf8 Qd5+ 39. Ka1 Qd1+ 40. Ka2 Qd5+ 41. Ka1 Qd1+ 1/2-1/2

[Event "BIH CFFBH-chT1"]
[Site "Cazin"]
[Date "2009.06.28"]
[Round "2"]
[White "Mehmedovic, Mirza"]
[Black "Pasic, Enes"]
[Result "1/2-1/2"]
[WhiteElo "2257"]
[BlackElo "2302"]
[PlyCount "39"]
[EventDate "2009.06.27"]
[EventType "team-tourn"]
[EventRounds "9"]
[EventCountry "BIH"]
[SourceTitle "EXT 2019"]
[Source "ChessBase"]
[SourceDate "2018.10.10"]
[SourceVersion "1"]
[SourceVersionDate "2018.10.10"]
[SourceQuality "1"]

1. e4 c5 2. c3 d5 3. exd5 Qxd5 4. Nf3 e6 5. Na3 Nf6 6. Be2 Nc6 7. 0-0 Be7 8. d4 cxd4 9. Nb5 Qd8 10. Nfxd4 Nxd4 11. Qxd4 Qxd4 12. Nxd4 0-0 13. b3 e5 14. Nf3 Nd5 15. Bd2 f6 16. Rfe1 Be6 17. a3 Rfd8 18. c4 Nc7 19. Be3 Bf7 20. Red1 1/2-1/2

[Event "BIH CFFBH-chT1"]
[Site "Cazin"]
[Date "2009.06.28"]
[Round "3"]
[White "Pasic, Enes"]
[Black "Kojic, Tigran"]
[Result "1/2-1/2"]
[WhiteElo "2302"]
[BlackElo "2243"]
[PlyCount "71"]
[EventDate "2009.06.27"]
[EventType "team-tourn"]
[EventRounds "9"]
[EventCountry "BIH"]
[SourceTitle "EXT 2019"]
[Source "ChessBase"]
[SourceDate "2018.10.10"]
[SourceVersion "1"]
[SourceVersionDate "2018.10.10"]
[SourceQuality "1"]

1. d4 Nf6 2. Nc3 g6 3. e4 d6 4. g3 Bg7 5. Bg2 0-0 6. h3 c6 7. a4 Na6 8. Nge2 Nb4 9. 0-0 e5 10. a5 Re8 11. Be3 exd4 12. Bxd4 Bd7 13. f4 Qc7 14. e5 Nfd5 15. Nxd5 Nxd5 16. exd6 Qxd6 17. Bxg7 Kxg7 18. Qd4+ Qf6 19. Qxf6+ Kxf6 20. Rf2 Ne3 21. Nc3 Nxg2 22. Kxg2 h5 23. Rd1 Bf5 24. Rd6+ Ke7 25. Rdd2 Rad8 26. Nd1 Rxd2 27. Rxd2 Kf6 28. Nf2 Re3 29. g4 Be6 30. Rd8 Re2 31. Rb8 c5 32. Kf3 Rxc2 33. Ne4+ Kg7 34. Rxb7 Bd5 35. Rd7 Bxe4+ 36. Kxe4 1/2-1/2

[Event "BIH CFFBH-chT1"]
[Site "Neum"]
[Date "2007.08.28"]
[Round "5"]
[White "Saric, Ante"]
[Black "Pasic, Enes"]
[Result "1-0"]
[WhiteElo "2499"]
[BlackElo "2295"]
[PlyCount "87"]
[EventDate "2007.08.25"]
[EventType "team-tourn"]
[EventRounds "9"]
[EventCountry "BIH"]
[SourceTitle "EXT 2023"]
[Source "ChessBase"]
[SourceDate "2022.10.05"]
[SourceVersion "1"]
[SourceVersionDate "2022.10.05"]
[SourceQuality "1"]

1. d4 d5 2. c4 Bf5 3. Nf3 e6 4. Qb3 Nc6 5. Bd2 Rb8 6. e3 a6 7. Be2 Nf6 8. 0-0 dxc4 9. Qxc4 Bd6 10. Rd1 0-0 11. Be1 Qe8 12. Nh4 Bg4 13. Bxg4 Nxg4 14. h3 Nf6 15. Nc3 e5 16. d5 Ne7 17. e4 Nh5 18. Bd2 b5 19. Qe2 f5 20. Nxf5 Nxf5 21. exf5 Rxf5 22. Ne4 Nf4 23. Bxf4 exf4 24. Qf3 Qe5 25. Nxd6 Qxd6 26. Rac1 Rd8 27. Rc6 Qe5 28. Qb3 Rd6 29. Rxa6 f3 30. Rxd6 cxd6 31. g4 Rf4 32. Qe3 Qxe3 33. fxe3 Rc4 34. Rd2 h5 35. gxh5 Rh4 36. Kh2 Rxh5 37. Kg3 Kf7 38. Rd4 Kf6 39. h4 Ke5 40. Kxf3 Rh8 41. Rb4 Kxd5 42. Rxb5+ Kc4 43. Ra5 Kb4 44. Rg5 1-0

[Event "BIH CFFBH-chT1A"]
[Site "Neum"]
[Date "2006.08.27"]
[Round "2"]
[White "Pasic, Enes"]
[Black "Muratovic, Enver"]
[Result "1/2-1/2"]
[WhiteElo "2298"]
[BlackElo "2265"]
[PlyCount "47"]
[EventDate "2006.08.26"]
[EventType "team-tourn"]
[EventRounds "9"]
[EventCountry "BIH"]
[SourceTitle "EXT 2023"]
[Source "ChessBase"]
[SourceDate "2022.10.05"]
[SourceVersion "1"]
[SourceVersionDate "2022.10.05"]
[SourceQuality "1"]

1. e4 e6 2. d4 d5 3. Nd2 c5 4. exd5 Qxd5 5. Ngf3 cxd4 6. Bc4 Qd6 7. 0-0 Nf6 8. Nb3 a6 9. Nbxd4 Be7 10. Re1 Nc6 11. Nxc6 Qxd1 12. Rxd1 bxc6 13. Ne5 Bb7 14. Be2 c5 15. c4 0-0 16. Be3 Rfd8 17. Bf3 Bxf3 18. gxf3 Kf8 19. Nc6 Rxd1+ 20. Rxd1 Rc8 21. Nxe7 Kxe7 22. Bg5 Rb8 23. b3 Rc8 24. Kf1 1/2-1/2

[Event "BIH-chT"]
[Site "Neum"]
[Date "2004.06.02"]
[Round "5.6"]
[White "Rade, Miroslav"]
[Black "Pasic, Enes"]
[Result "1/2-1/2"]
[WhiteElo "2403"]
[BlackElo "2269"]
[PlyCount "37"]
[EventDate "2004.05.29"]
[EventType "team"]
[EventRounds "9"]
[EventCountry "BIH"]
[SourceTitle "CBM 102"]
[Source "ChessBase"]
[SourceDate "2004.09.23"]
[SourceVersion "1"]
[SourceVersionDate "2004.09.23"]
[SourceQuality "1"]
[WhiteTeam "Siroki Brijeg"]
[BlackTeam "Prozor Rama"]
[WhiteTeamCountry "BIH"]
[BlackTeamCountry "BIH"]

1. e4 c5 2. Nf3 e6 3. d4 cxd4 4. Nxd4 Nc6 5. Nc3 Qc7 6. Be2 a6 7. 0-0 Nxd4 8. Qxd4 b5 9. e5 Ne7 10. Bf4 Nf5 11. Qd3 Bb7 12. Ne4 Rc8 13. Rad1 Be7 14. Nf6+ gxf6 15. exf6 Rg8 16. Bxc7 Rxg2+ 17. Kh1 Rxf2+ 18. Kg1 Rg2+ 19. Kh1 1/2-1/2

[Event "Pula tt2"]
[Site "Pula"]
[Date "1990.??.??"]
[Round "9"]
[White "Pasic, Enes"]
[Black "Covic, Darko"]
[Result "1/2-1/2"]
[WhiteElo "2280"]
[BlackElo "2375"]
[PlyCount "42"]
[EventDate "1990.??.??"]
[EventType "team"]
[EventRounds "11"]
[EventCountry "YUG"]
[SourceTitle "EXT 2000"]
[Source "ChessBase"]
[SourceDate "1999.11.16"]
[SourceVersion "1"]
[SourceVersionDate "1999.11.16"]
[SourceQuality "1"]

1. e4 c5 2. Nf3 d6 3. d4 cxd4 4. Nxd4 Nf6 5. Nc3 a6 6. g3 e5 7. Nde2 Nbd7 8. Bg2 b5 9. 0-0 Bb7 10. h3 Be7 11. g4 0-0 12. Ng3 b4 13. Nd5 Nxd5 14. exd5 g6 15. Bh6 Re8 16. Qd2 a5 17. a3 Qb6 18. Be3 Nc5 19. b3 Rec8 20. Ne4 Nxe4 21. Bxe4 Qb5 1/2-1/2

[Event "Pula tt2"]
[Site "Pula"]
[Date "1990.??.??"]
[Round "3"]
[White "Pasic, Enes"]
[Black "Doljanin, Tomislav"]
[Result "0-1"]
[WhiteElo "2280"]
[BlackElo "2240"]
[PlyCount "90"]
[EventDate "1990.??.??"]
[EventType "team"]
[EventRounds "11"]
[EventCountry "YUG"]
[SourceTitle "EXT 2000"]
[Source "ChessBase"]
[SourceDate "1999.11.16"]
[SourceVersion "1"]
[SourceVersionDate "1999.11.16"]
[SourceQuality "1"]

1. e4 g6 2. d4 Bg7 3. Nf3 d6 4. Nc3 Nf6 5. Be2 0-0 6. 0-0 c6 7. h3 b5 8. e5 Nfd7 9. exd6 exd6 10. Bg5 Nf6 11. a4 b4 12. Ne4 Re8 13. Nxf6+ Bxf6 14. Bxf6 Qxf6 15. Re1 Nd7 16. Qd2 a5 17. c3 Rb8 18. cxb4 Rxb4 19. Qc3 Bb7 20. d5 Qxc3 21. bxc3 Rbe4 22. dxc6 Bxc6 23. Bb5 Rxe1+ 24. Rxe1 Rxe1+ 25. Nxe1 Bxb5 26. axb5 Kg7 27. Kf1 Kf6 28. Ke2 Ke5 29. Kd3 Kd5 30. Kc2 Kc4 31. Nf3 Kxb5 32. Ng5 f6 33. Nxh7 Kc4 34. h4 a4 35. Kb2 a3+ 36. Kxa3 Kxc3 37. g4 d5 38. g5 fxg5 39. hxg5 d4 40. Nf6 d3 41. Nd5+ Kd4 42. Ne3 d2 43. Nd1 Nc5 44. Kb2 Kd3 45. f3 Ne6 0-1